| 000 | 00670nam a2200241Ia 4500 | ||
|---|---|---|---|
| 003 | OSt | ||
| 005 | 20221007103655.0 | ||
| 006 | a|||||r|||| 00| 0 | ||
| 007 | ta | ||
| 008 | 221006b |||||||| |||| 00| 0 eng d | ||
| 024 | _a13,713 | ||
| 037 | _cTextual | ||
| 040 |
_aLCO _cLCO _beng |
||
| 041 |
_2eng _aeng |
||
| 082 | _aZ3,8,11, K9 | ||
| 100 |
_aAndrews William G. _9110092 |
||
| 245 | 0 | _aCoordinate Magistrates Constitutional Law | |
| 260 |
_aToronto _bVan Nostrand Reinheld Company Canada _c1969 |
||
| 300 | _a186 | ||
| 650 |
_aCONSTITUTIONAL LAW _9681314 |
||
| 942 |
_hZ3,8,11, K9 _cTEXL |
||
| 999 |
_c1183276 _d1183276 |
||